[Event "FRA-ch op-A"]
[Site "Le Grand Bornand"]
[Date "2003.??.??"]
[Round "8.5"]
[White "Casanova, Mathieu"]
[Black "Margaillan, Benjamin"]
[Result "1/2-1/2"]
[WhiteElo "1650"]
[BlackElo "1790"]
[PlyCount "77"]
[EventDate "2003.??.??"]
[EventType "swiss"]
[EventRounds "9"]
[EventCountry "FRA"]
[SourceTitle "EXT 2004"]
[Source "ChessBase"]
[SourceDate "2003.11.25"]
[SourceVersion "1"]
[SourceVersionDate "2003.11.25"]
[SourceQuality "1"]

1. d4 Nf6 2. e3 d6 3. Bd3 g6 4. f4 Bg7 5. Nf3 0-0 6. Nbd2 Nbd7 7. e4 Re8 8. e5 Nd5 9. Nb3 a5 10. a4 Nb4 11. 0-0 Nxd3 12. Qxd3 c6 13. c4 b6 14. g4 Nf8 15. h3 d5 16. cxd5 Ba6 17. Qc2 Bxf1 18. Kxf1 Qxd5 19. Kf2 Nd7 20. h4 Rec8 21. Be3 Nb8 22. Rh1 Na6 23. h5 Nb4 24. Qd1 e6 25. Nbd2 Nd3+ 26. Ke2 Nxb2 27. Qg1 Nxa4 28. hxg6 fxg6 29. Qh2 h6 30. f5 Kf7 31. f6 Bf8 32. Bxh6 Bb4 33. Be3 Bf8 34. Qh7+ Ke8 35. Qxg6+ Kd8 36. Rh8 Kc7 37. Rh7+ Kb8 38. Qf7 c5 39. g5 1/2-1/2